[Event "SVK-chT4 A22 1617"]
[Site "Slovakia"]
[Date "2017.02.26"]
[Round "10.3"]
[White "Bertalan, Balint"]
[Black "Szocs, Ladislav"]
[Result "1-0"]
[WhiteElo "1842"]
[BlackElo "1870"]
[PlyCount "47"]
[EventDate "2016.10.09"]
[EventType "team-tourn"]
[EventRounds "11"]
[EventCountry "SVK"]
[SourceTitle "EXT 2020"]
[Source "ChessBase"]
[SourceDate "2019.10.17"]
[SourceVersion "1"]
[SourceVersionDate "2019.10.17"]
[SourceQuality "1"]

1. e4 d5 2. exd5 Nf6 3. Bb5+ Bd7 4. Bxd7+ Qxd7 5. c4 c6 6. d4 cxd5 7. c5 Nc6 8. Nf3 e6 9. 0-0 Be7 10. a3 a5 11. Nc3 0-0 12. Na4 Rad8 13. Bf4 e5 14. Nxe5 Nxe5 15. Bxe5 Ng4 16. Bg3 f5 17. Nb6 Qb5 18. Bc7 Qxb2 19. Bxd8 Rxd8 20. h3 Nf6 21. Qd3 Ne4 22. Na4 Nxf2 23. Nxb2 Nxd3 24. Nxd3 1-0

[Event "SVK-chT4 A22 1314"]
[Site "Slovakia"]
[Date "2014.01.12"]
[Round "6.6"]
[White "Czikhardt, Tibor"]
[Black "Bertalan, Balint"]
[Result "1/2-1/2"]
[WhiteElo "1967"]
[BlackElo "1821"]
[PlyCount "42"]
[EventDate "2013.10.06"]
[EventType "team-tourn"]
[EventRounds "11"]
[EventCountry "SVK"]
[SourceTitle "EXT 2015"]
[Source "ChessBase"]
[SourceDate "2014.11.20"]
[SourceVersion "1"]
[SourceVersionDate "2014.11.20"]
[SourceQuality "1"]
[WhiteTeam "Gabcikovo Russel III"]
[BlackTeam "Gabcikovo Russel II"]
[WhiteTeamCountry "SVK"]
[BlackTeamCountry "SVK"]

1. e4 e5 2. Nf3 d6 3. Bc4 h6 4. Nc3 Nf6 5. h3 Qe7 6. 0-0 Be6 7. Qe2 Bxc4 8. Qxc4 Qd7 9. d4 Nc6 10. Rd1 Qc8 11. Qa4 Nd7 12. dxe5 dxe5 13. Be3 Bd6 14. Nb5 Qb8 15. Rd2 0-0 16. Nxd6 cxd6 17. Rad1 Nc5 18. Qc4 b5 19. Qd5 Nb4 20. Qxd6 Qxd6 21. Rxd6 Nxe4 1/2-1/2

[Event "SVK-chT3A2 0809"]
[Site "Slovakia"]
[Date "2009.02.08"]
[Round "7.8"]
[White "Bertalan, Balint"]
[Black "Magyarics, Tamas"]
[Result "1-0"]
[WhiteElo "1350"]
[BlackElo "1506"]
[PlyCount "45"]
[EventDate "2008.10.19"]
[EventType "team-tourn"]
[EventRounds "11"]
[EventCountry "SVK"]
[SourceTitle "EXT 2010"]
[Source "ChessBase"]
[SourceDate "2010.11.25"]
[SourceVersion "1"]
[SourceVersionDate "2010.11.25"]
[SourceQuality "1"]
[WhiteTeam "Gabcikovo"]
[BlackTeam "Velky Meder MSK Thermal"]
[WhiteTeamCountry "SVK"]
[BlackTeamCountry "SVK"]

1. e4 e5 2. Nf3 Nc6 3. d4 exd4 4. Bc4 Bc5 5. c3 dxc3 6. Bxf7+ Kxf7 7. Qd5+ Kf8 8. Qxc5+ d6 9. Qxc3 h6 10. 0-0 Be6 11. Re1 Nge7 12. Bf4 Qe8 13. Nbd2 a6 14. Rad1 Qf7 15. g3 Bxa2 16. b3 Rg8 17. Ra1 g5 18. Be3 Bxb3 19. Qxb3 Qxb3 20. Nxb3 g4 21. Bxh6+ Kf7 22. Nh4 Ne5 23. Rac1 1-0